Australia by Letter - U - Statistics

General Stats
  • This quiz has been taken 15 times
  • The average score is 8 of 10
Answer Stats
Hint Answer % Correct
The Land Down _____ Under
100%
Large sandstone rock in the Northern Territory Uluru
93%
Tertiary institution where Australians study professions such as medicine, law or teaching University
93%
Boots or slippers made from sheepskin Ugg boots
87%
Cereal company founded in 1861: _____ Toby's Uncle
87%
Last name of country music singer Keith Urban
87%
What Australians call a pick-up truck Ute
73%
What is meant by the slang word "uey" that might be done in the above U-turn
73%
Paul Jennings wrote 8 children's books starting with Un-. Name one Unreal! | Unbelievable! | Uncanny! | Unbearable! | Unmentionable! | Undone! | Uncovered! | Unseen!
53%
Bright blue swallowtail butterfly species Ulysses
27%
No matching quizzes found
Score Distribution
Percent of People with Each Score
Percentile by Number Answered
Your Score History
You have not taken this quiz